000 00779nam a2200253Ia 4500
003 OSt
005 20220918172213.0
006 a|||||r|||| 00| 0
007 ta
008 220917b |||||||| |||| 00| 0 eng d
020 _a9789386552525 (hbk)
_cINR 1595.00
024 _a330,367
037 _b239, 07/03/2018, National Book Centre
_cTextual
040 _aARTS
_cARTS
_beng
041 _2eng
_aeng
082 _aY:6, Q8
100 _aDube Saurabh Au.
_940712
245 0 _aSubjects of modernity
_b time - space, disciplines, margins
260 _aDelhi
_bPrimus Books India
_c2018
300 _axix,223p.
_ccm.
650 _aSOCIAL CHANGE
942 _hY:6, Q8
_cTEXL
_2CC
999 _c143006
_d143006